Instructor's Manual Teaching 1 : (Record no. 1931)
[ view plain ]
| 000 -LEADER | |
|---|---|
| fixed length control field | 00729nam a2200193 4500 |
| 003 - CONTROL NUMBER IDENTIFIER | |
| control field | OSt |
| 005 - DATE AND TIME OF LATEST TRANSACTION | |
| control field | 20201008092552.0 |
| 008 - FIXED-LENGTH DATA ELEMENTS--GENERAL INFORMATION | |
| fixed length control field | 201008b ||||| |||| 00| 0 eng d |
| 020 ## - INTERNATIONAL STANDARD BOOK NUMBER | |
| International Standard Book Number | 0574180265 |
| 040 ## - CATALOGING SOURCE | |
| Original cataloging agency | KABLIB |
| Transcribing agency | KABLIB |
| Modifying agency | KABLIB |
| 082 ## - DEWEY DECIMAL CLASSIFICATION NUMBER | |
| Edition number | 23 |
| Classification number | 371.1 |
| Item number | BEC |
| 100 ## - MAIN ENTRY--PERSONAL NAME | |
| Personal name | Becker, Wesley C., |
| Dates associated with a name | 1928- |
| Relator term | Author. |
| 9 (RLIN) | 5354 |
| 245 ## - TITLE STATEMENT | |
| Title | Instructor's Manual Teaching 1 : |
| Remainder of title | classroom management, and Teaching 2 : cognitive learning and instruction / |
| Statement of responsibility, etc. | Wesley C. Becker, Siegfried Engelmann, Don R. Thomas. |
| 260 ## - PUBLICATION, DISTRIBUTION, ETC. | |
| Place of publication, distribution, etc. | Chicago : |
| Name of publisher, distributor, etc. | Science Research Associates, Inc., |
| Date of publication, distribution, etc. | c1975. |
| 300 ## - PHYSICAL DESCRIPTION | |
| Extent | 123 p. ; |
| Dimensions | 23 cm. |
| 700 ## - ADDED ENTRY--PERSONAL NAME | |
| Personal name | Engelmann, Siegfried, |
| Relator term | Joint Author. |
| 9 (RLIN) | 5355 |
| 700 ## - ADDED ENTRY--PERSONAL NAME | |
| Personal name | Thomas, Don R., |
| Relator term | Joint Author. |
| 9 (RLIN) | 5356 |
| 942 ## - ADDED ENTRY ELEMENTS (KOHA) | |
| Source of classification or shelving scheme | Dewey Decimal Classification |
| Koha item type | Book |
| Withdrawn status | Lost status | Source of classification or shelving scheme | Damaged status | Not for loan | Home library | Current library | Shelving location | Date acquired | Total Checkouts | Full call number | Barcode | Date last seen | Price effective from | Koha item type |
|---|---|---|---|---|---|---|---|---|---|---|---|---|---|---|
| Dewey Decimal Classification | Education Library | Education Library | Open Access Section | 08.10.2020 | 371.1 BEC | 0590 | 08.10.2020 | 08.10.2020 | Book |